Índice de personas nobles y otras de calidad que han estado en Filipinas desde 1521 hasta 1893 / (Record n. 25398)
[ formato base ]
| 000 -LEADER | |
|---|---|
| fixed length control field | 01218nam a2200265 i 4500 |
| 003 - CONTROL NUMBER IDENTIFIER | |
| control field | IT-RoINE |
| 005 - DATE AND TIME OF LATEST TRANSACTION | |
| control field | 20180613083409.0 |
| 008 - FIXED-LENGTH DATA ELEMENTS--GENERAL INFORMATION | |
| fixed length control field | 960922s1921 sp r 001 | spa d |
| 040 ## - CATALOGING SOURCE | |
| Original cataloging agency | SpMaBN |
| Language of cataloging | spa |
| Transcribing agency | CDM IT-RoINE |
| Modifying agency | IT-RoINE |
| 100 1# - MAIN ENTRY--PERSONAL NAME | |
| Personal name | Retana, W. E., |
| Dates associated with a name | 1862-1924 |
| 9 (RLIN) | 49690 |
| 245 10 - TITLE STATEMENT | |
| Title | Índice de personas nobles y otras de calidad que han estado en Filipinas desde 1521 hasta 1893 / |
| Statement of responsibility, etc | por W.E. Retana. |
| 246 ## - VARYING FORM OF TITLE | |
| Title proper/short title | Índice de nobles que han estado en Filipinas |
| 260 ## - PUBLICATION, DISTRIBUTION, ETC. (IMPRINT) | |
| Place of publication, distribution, etc | Madrid : |
| Name of publisher, distributor, etc | Librería de Victoriano Suárez, |
| Date of publication, distribution, etc | 1921. |
| 300 ## - PHYSICAL DESCRIPTION | |
| Extent | 84 p. ; |
| Dimensions | 26 cm. |
| 336 ## - CONTENT TYPE | |
| Source | rdacontent |
| Content type term | text |
| 337 ## - MEDIA TYPE | |
| Source | rdamedia |
| Media type term | unmediated |
| 338 ## - CARRIER TYPE | |
| Source | rdacarrier |
| Carrier type term | volume |
| 500 ## - GENERAL NOTE | |
| General note | "Escribióse este trabajo con motivo del cuarto centenario del descubrimiento de las islas Filipinas."<br/> |
| 500 ## - GENERAL NOTE | |
| General note | "Edición de 125 ejemplares hecha a beneficio de las formas compuestas para el ʻBoletín de la Real academia de la historia' donde se publicó por primera vez este trabajo." |
| 650 #4 - SUBJECT ADDED ENTRY--TOPICAL TERM | |
| Topical term or geographic name as entry element | Nobleza |
| Geographic subdivision | España |
| 9 (RLIN) | 7683 |
| 650 #4 - SUBJECT ADDED ENTRY--TOPICAL TERM | |
| Topical term or geographic name as entry element | Nobleza |
| Geographic subdivision | Filipinas |
| 9 (RLIN) | 50405 |
| 650 #4 - SUBJECT ADDED ENTRY--TOPICAL TERM | |
| Topical term or geographic name as entry element | Filipinos |
| 9 (RLIN) | 50406 |
| Form subdivision | Bibliografía |
| 856 41 - ELECTRONIC LOCATION AND ACCESS | |
| Uniform Resource Identifier | http://bdh-rd.bne.es/viewer.vm?id=0000116765&page=1 |
| Link text | Biblioteca Digital Hispánica |
| 942 ## - ADDED ENTRY ELEMENTS (KOHA) | |
| Item type | Obras de referencia |
| Withdrawn status | Lost status | Damaged status | Not for loan | Home library | Current library | Date acquired | Total Checkouts | Full call number | Barcode | Date last seen | Price effective from | Koha item type |
|---|---|---|---|---|---|---|---|---|---|---|---|---|
| Iglesia Nacional Española en Roma | Iglesia Nacional Española en Roma | 13/06/2018 | ENC.BIO 85 | 51048 | 13/06/2018 | 13/06/2018 | Obras de referencia |